| 000 | 00414cam a2200145u 4500 | ||
|---|---|---|---|
| 082 |
_a940.54 _bSLI _cL-30, P-25 |
||
| 100 | 1 |
_aSlim, William Joseph Slim, _948994 |
|
| 245 | 0 | 0 |
_aDefeat into victory _cSir William Slim |
| 260 |
_aLondon _c1971. _bCassell and Co |
||
| 300 |
_axi, 576 p.: _b; _c18 cm. |
||
| 500 | _aRomanized. | ||
| 526 |
_a0 _b0 _c0 _d940_540000000000000_SLI |
||
| 650 |
_aMCE _9379 |
||
| 942 |
_2ddc _cBK |
||
| 999 |
_c551837 _d551837 |
||